1269 1048 1765 1909 1372 1945 1361 1586 1948 1273 1514 1838 1207 1468 1668 1374 1506 1810 1573 1672 1634 1466 1206 1245 1333 1257 1537 1882 1787 1787 1896 1391 1583 1673 1919 1100 1960 1547 1618 1320 1310 1799 1671 1591 1030 1913 1539 1328 1503 1277 1345 1974 1945 1471 1312 1514 1368 1469 1993 1498 1438 1949 1713 1098 1278 1637 1754 1929 1130 1261 1191 1063 1087 1600 1592 1102 1507 1006 1328 1436 1480 1229 1683 1932 1557 1254 1968 1308 1851 1133 1004 1473 1287 1732 1584 1221 1240 1297 1608 BCNSPRNW ULIB Ver.6.0+V

เปลี่ยนเป็นภาษาไทย

Change to English
 แสดงรายละเอียดบรรณานุกรม
  กลับหน้าหลัก

Brief Record : Get Marc (ISO 2709) : E-mail record : QR code < ปิดหน้าต่าง
LEADER : 00000nam 2200000uu 4500
001    13399122998
003     ULIB
008    131127s2556||||th 000 0 tha d
099    ^aวจ.QV157^bร451
245 00 ^a รายงานวิจัยเรื่องการศึกษาความคุ้มค่าทางเศรษฐศาสตร์และข้อเสนอเพื่อปรับราคายา Omalizumab ที่เหมาะสมสำหรับผู้ป่วยหอบหืดในประเทศไทย / ^cธนะวัฒน์ วงศ์ผัน ... [และคนอื่นๆ]
246 30 ^aการศึกษาความคุ้มค่าทางเศรษฐศาสตร์และข้อเสนอเพื่อปรับราคายา Omalizumab ที่เหมาะสมสำหรับผู้ป่วยหอบหืดในประเทศไทย
260    ^a[นนทบุรี] :^bสำนักงานพัฒนานโยบายสุขภาพระหว่างประเทศ กระทรวงสาธารณสุข,^c2556
650  4 ^aการรักษาด้วยยา^xต้นทุนและประสิทธิผล
650  4 ^aโรคหืด^xการรักษาด้วยยา^xต้นทุนและประสิทธิผล
650  4 ^aยา^xราคา
650  4 ^aวิจัย
700 0  ^aธนะวัฒน์ วงศ์ผัน
710 2  ^aสำนักงานพัฒนานโยบายสุขภาพระหว่างประเทศ
945    ^p0^l0^i034198
945    ^p0^l0^i034199
999    ^aเกษร โพธิ์สุวรรณ
รายการนี้ยังไม่มีแท็ก
คุณยังไม่ได้ล็อกอิน คุณสามารถมีกิจกรรมร่วมกับเว็บไซต์ได้ แต่ต้องล็อกอินก่อน ::
  ล็อกอิน

รายการสื่อสารสนเทศ

ลำดับที่ ประเภท เลขเรียก/บาร์โค้ด สถานที่ สถานะ
1. งานวิจัย
งานวิจัย
วจ.QV157 ร451 ฉ.1 
  Barcode: 034198
ห้องสมุดวิทยาเขตสวรรค์ประชารักษ์
►วิจัย
บนชั้น
2. งานวิจัย
งานวิจัย
วจ.QV157 ร451 ฉ.2 
  Barcode: 034199
ห้องสมุดวิทยาเขตสวรรค์ประชารักษ์
►วิจัย
บนชั้น

รายการใกล้เคียง
    หัวเรื่อง [วิจัย]

BibComment


ยังไม่เคยถูกคอมเมนท์

คอมเมนท์ทรัพยากรรายการนี้
  คอมเมนท์: รายงานวิจัยเรื่..


 Copyright 2026. Bcnsprnw @Library